000 00577nam a2200181Ii 4500
003 JO-AjNU
008 230605s9999||||xx |||||||||||||| ||und||
040 _aJO-AjNU
_bara
_erda
_cJO-AjNU
041 _aara
050 1 4 _aPN2990.L75.V7224 1981
100 3 _aتأليف عريبي، بشير محمد,
_eauthor
_918530
245 0 0 _aالفن والمسرح في ليبيا
264 3 1 _aليبيا: الدار العربية للكتاب، 1981
300 _a327ص
336 _atext
_btxt
_2rdacontent
337 _aunmediated
_bn
_2rdamedia
338 _avolume
_bnc
_2rdacarrier
999 _aA5943
_c9511
_d9511